000 01071 a2200337 4500
001 70564
003 TR-AnTOB
005 20250114111107.0
008 080617s2008 tu tur
020 _a9789756267981
040 _aTR-AnTOB
_cTR-AnTOB
_beng
_erda
041 _atur
050 0 _aPL247.S2
_bY55 2008
090 _aPL247.S2 Y55 2008
100 1 _aYılmaz, Engin
_944453
245 0 _aTürk Edebiyatı' nda Sakarya /
_cEngin Yılmaz.
264 1 _aAdapazarı :
_bAdapazarı Büyükşehir Belediyesi,
_c2008.
300 _a181 s.
336 _2rdacontent
_atext
_btxt
337 _2rdamedia
_aunmediated
_bn
338 _2rdacarrier
_avolume
_bnc
490 0 _aAdapazarı Büyükşehir Belediyesi Kültür ve Sosyal İşler Daire Başkanlığı Adapazarı Kitaplığı ;
_v21
500 _aKaynakça ve dizin var.
650 0 _aTürk edebiyatı
_zTürkiye
_zSakarya İli
_944454
650 _aYazarlar, Türk
_zTürkiye
_zSakarya İli
_944455
902 _a0023635
903 _aMerkez Kütüphane
942 _cBK
_2lcc
945 _aCS, 17.06.08
999 _c70564
_d19396